Video Games by Year: 2011 - Statistics

General Stats
  • This quiz has been taken 568 times
  • The average score is 8 of 16
Answer Stats
Picture Answer % Correct
Minecraft
100%
The Elder Scrolls VL Skyrim
83%
Portal 2
80%
Mortal Kombat
78%
Call of Duty: Modern Warfare 3
64%
Duke Nukem Forever
59%
Forza Motorsport 4
57%
Dark Souls
54%
Uncharted 3: Drake's Deception
52%
L.A. Noire
50%
Warhammer 40,000: Space Marine
43%
Infamous 2
26%
Final Fantasy XIII-2
24%
To the Moon
10%
Postal 3
9%
Motorstorm: Apocalypse
3%
No matching quizzes found
Score Distribution
Percent of People with Each Score
Percentile by Number Answered
Your Score History
You have not taken this quiz